000
00251nam a22001217a 4500
008
181001b xxu||||| |||| 00| 0 eng d
041
_a
eng
080
_a
610
100
_a
4
101
_a
SHM
245
_a
The Human Body
_c
Kramer,A
942
_2
udc
_c
BK
999
_c
48751
_d
48751